Por le tiers secteur : l'économie sociale et solidaire : pourquoi et commnet /

Kaydedildi:
Detaylı Bibliyografya
Yazar: Lipietz, Alain (autor)
Materyal Türü: Kitap
Dil:Fransızca
Baskı/Yayın Bilgisi: París, Francia : La Découverte : La Documentation Française, 2001, c2001
Seri Bilgileri:(Cahiers Libres)
Konular:
Etiketler: Etiketle
Etiket eklenmemiş, İlk siz ekleyin!

MARC

LEADER 00000nam^a2200000^a^4500
001 000159788
005 20250521000000.0
009 20260310100659.408
020 |a 2-7071-3452-X 
037 |a Acervo ITESO - Biblioteca 
041 |a FRA 
082 |a 334. 10944  |b LIP 
100 |a Lipietz, Alain  |e (autor) 
245 1 0 |a Por le tiers secteur :  |b l'économie sociale et solidaire : pourquoi et commnet /  |c A. Lipietz ; pref. de Elisabeth Guigou. 
264 4 |a París, Francia :  |b La Découverte :  |b La Documentation Française,  |c 2001, c2001 
300 |a 154 p. 
336 |a texto  |b txt  |2 rdacontenido 
337 |a sin mediación  |b n  |2 rdamedio 
338 |a volumen  |b nc  |2 rdasoporte 
440 1 |a (Cahiers Libres) 
649 |a XX 
650 |a Cooperativas -  |z Francia 
650 |a Vivienda -  |z Francia -  |x Aspectos Económicos 
650 |a Empleo y Desempleo -  |z Francia 
650 |a Dependencia Económica 
650 |a Economía del Bienestar 
650 |a Economía -  |z Francia 
910 |a Fondo General 
920 |a Impresos - Libros 
930 |a Colección General 
905 |a 101 
901 |a 0500091175  |b IT1  |c ACC  |u 20250521 
901 |a 0500091178  |b IT1  |c ACC  |u 20250521 
902 |a https://opac.biblio.iteso.mx/vufind/Record/000159788